Sociología contra Psicoanálisis /

Zapisane w:
Opis bibliograficzny
1. autor: Eco, Umberto (autor)
Format: Książka
Język:hiszpański
Hasła przedmiotowe:
Etykiety: Dodaj etykietę
Nie ma etykietki, Dołącz pierwszą etykiete!

MARC

LEADER 00000nam^a2200000^a^4500
001 000071935
005 20250521000000.0
009 20260526120506.885
020 |a 84-270-024302 
037 |a Acervo ITESO - Biblioteca 
041 |a ESP 
082 |a 158. 8  |b ECO 
100 |a Eco, Umberto  |e (autor) 
245 1 0 |a Sociología contra Psicoanálisis /  |c U. Eco... [et al.] ; tr. por Carlos Ayala. 
264 |a Barcelona, España :  |b Martínez Roca,  |c 1974 
300 |a 274 p. 
336 |a texto  |b txt  |2 rdacontenido 
337 |a sin mediación  |b n  |2 rdamedio 
338 |a volumen  |b nc  |2 rdasoporte 
500 |a Traducción de: Critique Sociologique et Critique Psychanalytique 
649 |a XX 
650 |a Psicoanálisis 
650 |a Psicoanálisis y Sociedad 
650 |a Psicoanálisis y Sociedad 
910 |a Fondo Armando Suárez Gómez 
920 |a Impresos - Libros 
930 |a Fondos Especiales 
905 |a 111 
901 |a 0700003141  |b IT2  |c ESP  |u 20250521 
902 |a https://opac.biblio.iteso.mx/vufind/Record/000071935